|
|
|
|
| LEADER |
01053nam a2200265 a 4500 |
| 001 |
c000270728 |
| 003 |
CARM |
| 005 |
20070904151201.0 |
| 008 |
890228q19861989miua bm 000 0 eng d |
| 019 |
1 |
|
|a 6225908
|5 LACONCORD2021
|
| 035 |
|
|
|a (OCoLC)38664557
|5 LACONCORD2021
|
| 040 |
|
|
|a VVUT
|b eng
|c VVUT
|
| 082 |
0 |
4 |
|a 621.395
|2 19
|
| 100 |
1 |
|
|a Bronner, Gary Bela.
|
| 245 |
1 |
0 |
|a Physical modeling of gettering in silicon /
|c by Gary Bela Bronner.
|
| 260 |
|
|
|a Ann Arbor, MI :
|b University Microfilms International,
|c [19--].
|
| 300 |
|
|
|a xv, 133 p. :
|b ill. ;
|c 22 cm.
|
| 502 |
|
|
|a Thesis (Ph.D.)--Stanford University, 1986.
|
| 504 |
|
|
|a Bibliography: p. 119-133.
|
| 650 |
|
0 |
|a Getters.
|
| 650 |
|
0 |
|a Semiconductors
|x Defects.
|
| 650 |
|
0 |
|a Integrated circuits
|x Very large scale integration
|x Design and construction.
|
| 852 |
8 |
|
|b CARM
|h A1:AN10E0
|i C09710
|p 0392275
|f BK
|
| 999 |
f |
f |
|i abe797a4-c30d-56f4-a449-a4dd0be64078
|s 849e0471-a02d-5bbf-8ba0-351b6a89893a
|
| 952 |
f |
f |
|p Can circulate
|a CAVAL
|b CAVAL
|c CAVAL
|d CARM 1 Store
|e C09710
|f A1:AN10E0
|h Other scheme
|i book
|m 0392275
|